[Event "Titled Tue 1st Jul Early"]
[Site "chess.com INT"]
[Date "2025.07.01"]
[Round "6"]
[White "Reshetnikov, Alexey"]
[Black "Svane, Rasmus"]
[Result "1-0"]
[WhiteTitle "IM"]
[BlackTitle "GM"]
[WhiteElo "2492"]
[BlackElo "2619"]
[WhiteFideId "4162080"]
[BlackFideId "4657101"]
[EventDate "2025.07.01"]

1. d4 d5 2. c4 e6 3. Nc3 a6 4. cxd5 exd5 5. Bf4 Nf6 6. e3 Bd6 7. Bd3 O-O 8. Bxd6
Qxd6 9. h3 Nc6 10. Nf3 Re8 11. O-O Ne7 12. Qc2 g6 13. Ne5 Bf5 14. Rac1 Rac8 15.
Na4 Bxd3 16. Qxd3 c6 17. Nc5 Rc7 18. Qb3 b5 19. Nxa6 Ra7 20. Nb4 Rc8 21. Nbd3
Ne4 22. Rfd1 Rac7 23. Nc5 Ng5 24. Rc2 Qf6 25. Rdc1 h5 26. Qd3 Kg7 27. Na6 Ra7
28. Nb4 Rac7 29. f3 Qd6 30. a3 f6 31. f4 Nxh3+ 32. gxh3 fxe5 33. dxe5 Qe6 34. e4
dxe4 35. Qxe4 Qxh3 36. Rg2 Rd7 37. e6 Rdc7 38. Qe5+ Kh7 39. Rd1 Re8 40. Qxc7
Qe3+ 41. Kh2 Kh6 42. Qe5 Qf3 43. Qg5+ Kh7 44. Rd7 Kh8 45. Qh6+ Kg8 46. Rxg6+
Nxg6 47. Qg7# 1-0

[Event "Titled Tue 1st Jul Early"]
[Site "chess.com INT"]
[Date "2025.07.01"]
[Round "6"]
[White "Mujumdar, Sameer"]
[Black "Mohan, Dave"]
[Result "1-0"]
[WhiteElo "2054"]
[BlackElo "2018"]
[WhiteFideId "2029707"]
[BlackFideId "30909775"]
[EventDate "2025.07.01"]

1. d4 d5 2. c4 e6 3. Nf3 c5 4. cxd5 exd5 5. g3 Nf6 6. Bg2 Nc6 7. O-O Be7 8. dxc5
Bxc5 9. a3 a5 10. Nc3 O-O 11. Bg5 d4 12. Ne4 Be7 13. Bxf6 Bxf6 14. Rc1 Re8 15.
Nfd2 d3 16. Nxf6+ Qxf6 17. Ne4 Qxb2 18. Qxd3 Bf5 19. Qc3 Qxc3 20. Nxc3 Rad8 21.
Rfd1 h6 22. e3 Bg4 23. Rxd8 Rxd8 24. Nd5 Ne5 25. Nf4 b5 26. h3 Bf3 27. Rc5 Bxg2
28. Kxg2 Nd3 29. Rxb5 Nxf4+ 30. gxf4 Ra8 31. Kf3 Kf8 32. Rb7 Rc8 33. Ra7 Rc5 34.
a4 g6 35. Ke4 Kg7 36. Kd4 Rh5 37. h4 Kf6 38. f3 Ke6 39. e4 Rxh4 40. Rxa5 Rxf4
41. Ra6+ Ke7 42. Ke3 Rh4 43. a5 Rh1 44. Ra7+ Kf6 45. a6 Ra1 46. Ra8 h5 47. Kf4
Ra3 48. Kg3 g5 49. Kg2 g4 50. fxg4 hxg4 51. a7 Ra4 52. Kg3 Ke7 53. Kf4 Kd7 54.
Rf8 g3 55. a8=Q Rxa8 56. Rxa8 g2 57. Rg8 g1=Q 58. Rxg1 Ke6 59. e5 f6 60. exf6
Kxf6 61. Re1 Kf7 62. Kf5 Kg7 63. Kg5 Kh8 64. Kg6 Kg8 65. Re8# 1-0

[Event "Titled Tue 1st Jul Early"]
[Site "chess.com INT"]
[Date "2025.07.01"]
[Round "6"]
[White "Ibarra Jerez, Jose Carlos"]
[Black "Cori Quispe, Kevin Joel"]
[Result "1/2-1/2"]
[WhiteTitle "GM"]
[BlackTitle "GM"]
[WhiteElo "2545"]
[BlackElo "2461"]
[WhiteFideId "2226332"]
[BlackFideId "3814017"]
[EventDate "2025.07.01"]

1. e4 g6 2. d4 Bg7 3. Nc3 d6 4. Be3 Nc6 5. d5 Nb8 6. h4 Nf6 7. h5 Nxh5 8. Rxh5
gxh5 9. Qxh5 Nd7 10. O-O-O Nf6 11. Qh4 Ng4 12. Bb5+ Kf8 13. Bd2 c6 14. Be2 h5
15. f3 Ne5 16. Bg5 Ng6 17. Qe1 Qa5 18. Bd2 Bd7 19. Bc4 Rc8 20. Bb3 h4 21. dxc6
bxc6 22. Nh3 Bxh3 23. gxh3 Qe5 24. Qg1 a5 25. Qa7 Bh6 26. Bxh6+ Rxh6 27. Qd7 Rb8
28. Qxc6 Qc5 29. Qa6 Nf4 30. Qf1 Rg6 31. Kb1 Rg3 32. Ne2 Nxe2 33. Qxe2 Rg1 34.
a4 Rxd1+ 35. Qxd1 Rb4 36. Qe1 Rd4 37. Qxh4 Rd1+ 38. Ka2 e6 39. Qd8+ Kg7 40. Bd5
exd5 41. Qg5+ Kf8 42. Qd8+ Kg7 43. Qg5+ Kh7 44. Qh5+ Kg8 45. Qg5+ Kf8 46. Qd8+
Kg7 1/2-1/2

[Event "Titled Tue 1st Jul Early"]
[Site "chess.com INT"]
[Date "2025.07.01"]
[Round "6"]
[White "Saydaliev, Saidakbar"]
[Black "Mayank, Chakraborty"]
[Result "0-1"]
[WhiteTitle "IM"]
[BlackTitle "IM"]
[WhiteElo "2457"]
[BlackElo "2448"]
[WhiteFideId "14203693"]
[BlackFideId "25659766"]
[EventDate "2025.07.01"]

1. Nf3 d5 2. g3 Nc6 3. d4 Bf5 4. Bg2 Nb4 5. Na3 e6 6. O-O Nf6 7. c3 Nc6 8. Nc2
Bd6 9. Ne3 Be4 10. c4 O-O 11. b3 Re8 12. Bb2 a5 13. Ne5 Bxg2 14. Kxg2 Ne7 15.
cxd5 Nexd5 16. N3c4 b5 17. Nd2 Bxe5 18. dxe5 Ng4 19. Qc1 Qg5 20. Ne4 Qf5 21. Nc5
Nxe5 22. h3 Ng6 23. Kh2 Qh5 24. e4 Nb6 25. Qc3 e5 26. Nb7 Rec8 27. Rad1 a4 28.
Rd2 axb3 29. axb3 Qg5 30. Rfd1 Qe7 31. Nc5 f6 32. b4 Nf8 33. Qf3 Nc4 34. Rc2 Rd8
35. Rdc1 Ne6 36. Nb3 Qxb4 37. Qg4 Ra6 38. Rc3 Qe7 39. R1c2 Rad6 40. Qf3 c5 0-1

[Event "Titled Tue 1st Jul Early"]
[Site "chess.com INT"]
[Date "2025.07.01"]
[Round "6"]
[White "Le, Tuan Minh"]
[Black "Goltsev, Dmitry"]
[Result "1-0"]
[WhiteTitle "GM"]
[BlackTitle "FM"]
[WhiteElo "2598"]
[BlackElo "2182"]
[WhiteFideId "12401153"]
[BlackFideId "24176710"]
[EventDate "2025.07.01"]

1. d4 e6 2. Nf3 Nf6 3. Bf4 d5 4. e3 Bd6 5. Nbd2 Nbd7 6. Bd3 Qe7 7. Ne5 Nf8 8.
Bg3 N6d7 9. f4 f6 10. Bh4 c5 11. c3 Nxe5 12. fxe5 Bc7 13. O-O Nd7 14. exf6 Nxf6
15. e4 cxd4 16. cxd4 Qb4 17. Bxf6 gxf6 18. Qh5+ Ke7 19. Nf3 dxe4 20. Bxe4 Bd7
21. Rae1 Rag8 22. Rf2 Rg7 23. a3 Qd6 24. Qh4 Qf4 25. Qh5 Rhg8 26. d5 Bb6 27. g3
Rxg3+ 28. Kf1 Rg1+ 29. Ke2 Qe3+ 30. Kd1 Rxe1+ 31. Nxe1 Qxf2 32. Qxh7+ Kd6 33.
Qxg8 Ba4+ 34. Bc2 Be3 35. Qxe6+ Kc5 36. Nd3+ Kd4 37. Nxf2 Bxf2 38. Bxa4 1-0

[Event "Titled Tue 1st Jul Early"]
[Site "chess.com INT"]
[Date "2025.07.01"]
[Round "6"]
[White "Goldin, Roman"]
[Black "Buscar, Michael"]
[Result "0-1"]
[WhiteTitle "FM"]
[WhiteElo "2284"]
[BlackElo "2016"]
[WhiteFideId "2803860"]
[BlackFideId "2603616"]
[EventDate "2025.07.01"]

1. Nf3 d5 2. e3 e6 3. c4 c5 4. d4 Nc6 5. Nc3 Nf6 6. a3 a6 7. Bd3 dxc4 8. Bxc4 b5
9. Bd3 Bb7 10. O-O cxd4 11. exd4 Be7 12. Bg5 O-O 13. Re1 Nd5 14. Nxd5 Bxg5 15.
Nxg5 Qxg5 16. Ne3 Rad8 17. d5 Ne5 18. Be4 Bxd5 19. Nxd5 exd5 20. Bc2 d4 21. Re4
d3 22. Bb3 Ng6 23. g3 d2 24. Qe2 Qc5 25. Rd1 Qc1 26. Re7 Qxb2 27. Re3 Qd4 28. h4
Qd6 29. h5 Nh8 30. Qf3 Qf6 31. Qe2 g6 32. Rxd2 Rxd2 33. Qxd2 gxh5 34. Re4 Ng6
35. Qe2 Qa1+ 36. Kg2 Qxa3 37. Re3 Qc5 38. Qf3 Qg5 39. Re4 a5 40. Kh2 a4 41. Ba2
Kg7 42. Rd4 Qf6 43. Qxh5 Qxd4 0-1

[Event "Titled Tue 1st Jul Early"]
[Site "chess.com INT"]
[Date "2025.07.01"]
[Round "6"]
[White "Mitrabha, Guha"]
[Black "Aarit Kapil"]
[Result "1-0"]
[WhiteTitle "GM"]
[BlackTitle "CM"]
[WhiteElo "2515"]
[BlackElo "2020"]
[WhiteFideId "5057000"]
[BlackFideId "33408947"]
[EventDate "2025.07.01"]

1. b3 a5 2. Bb2 h5 3. e4 a4 4. d4 axb3 5. axb3 Rxa1 6. Bxa1 e6 7. Nf3 d5 8. e5
c5 9. Bd3 Nc6 10. O-O g5 11. dxc5 g4 12. Nd4 Bxc5 13. Nb5 Nh6 14. Nd6+ Kf8 15.
Kh1 f5 16. c4 d4 17. Qe2 Bxd6 18. exd6 Qxd6 19. f4 gxf3 20. gxf3 e5 21. Nd2 Qf6
22. Bb2 Kf7 23. c5 Be6 24. Nc4 Bd5 25. Nd6+ Ke7 26. Bc1 Nf7 27. Nxf5+ Kd7 28.
Be4 Qe6 29. Ng7 Qf6 30. Bxd5 Qxg7 31. Rg1 Qf6 32. Qb5 Nd8 33. Bg5 Qf5 34. Bxd8
Kxd8 35. Qxb7 Ne7 36. c6 Nxd5 37. c7+ Nxc7 38. Qb8+ Qc8 39. Qb6 Qf5 40. Qb8+ Kd7
41. Rg7+ Ke6 42. Qb6+ Kd5 43. Qb7+ Ke6 44. Qc6# 1-0

[Event "Titled Tue 1st Jul Early"]
[Site "chess.com INT"]
[Date "2025.07.01"]
[Round "6"]
[White "Pranesh, M"]
[Black "Fandi, Mazen"]
[Result "1-0"]
[WhiteTitle "GM"]
[BlackTitle "FM"]
[WhiteElo "2592"]
[BlackElo "2302"]
[WhiteFideId "35028600"]
[BlackFideId "7611625"]
[EventDate "2025.07.01"]

1. d4 Nf6 2. Nc3 d5 3. Bf4 e6 4. Nb5 Na6 5. e3 Be7 6. Nf3 O-O 7. a4 c5 8. c3 Nh5
9. Be5 f6 10. Bg3 Nxg3 11. hxg3 Nc7 12. Bd3 f5 13. Nxc7 Qxc7 14. g4 cxd4 15.
exd4 Bd6 16. Qe2 Bd7 17. Ng5 h6 18. Nxe6 Bxe6 19. Qxe6+ Kh8 20. Qg6 Qe7+ 21. Kd2
Rf6 22. Qh5 fxg4 23. Rae1 Rxf2+ 24. Kc1 Qf7 25. Qxf7 Rxf7 26. Re6 Bf4+ 27. Kb1
Rd8 28. Bg6 Rf6 29. Rxf6 gxf6 30. Bf5 g3 31. Re1 Bd6 32. Kc2 Kg7 33. Kd3 h5 34.
Re6 Kh6 35. Rxf6+ Kg5 36. Rf7 Rf8 37. Rxf8 Bxf8 38. Be6 h4 39. Bxd5 b6 40. Be6
Kf4 41. Bh3 Bh6 42. Kc4 Ke3 43. Kb5 Kd3 44. d5 Bf4 45. c4 Kd4 46. b3 a5 47. Kxb6
Kc3 48. c5 Kxb3 49. d6 Kxa4 50. d7 Bg5 51. c6 Kb4 52. c7 a4 53. d8=Q 1-0

[Event "Titled Tue 1st Jul Early"]
[Site "chess.com INT"]
[Date "2025.07.01"]
[Round "6"]
[White "Nguyen Hong Nhung"]
[Black "Viskelis, Darius"]
[Result "1-0"]
[WhiteTitle "WFM"]
[BlackTitle "FM"]
[WhiteElo "2227"]
[BlackElo "2146"]
[WhiteFideId "12412201"]
[BlackFideId "12800830"]
[EventDate "2025.07.01"]

1. e4 e5 2. Nf3 Nf6 3. Nxe5 d6 4. Nf3 Nxe4 5. Nc3 Nxc3 6. dxc3 Be7 7. Bd3 Nc6 8.
Be3 Be6 9. Qd2 h6 10. O-O-O Qd7 11. Kb1 a6 12. Rhe1 O-O-O 13. Nd4 Nxd4 14. Bxd4
c5 15. Bxg7 Rhg8 16. Qxh6 Qa4 17. c4 d5 18. cxd5 Rxd5 19. Rxe6 Bg5 20. Qh7 Rxg7
21. Qxg7 fxe6 22. Qg8+ Kc7 23. Qxe6 Qd4 24. Re1 c4 25. Re4 Qxf2 26. Rxc4+ Kb8
27. a3 Qxg2 28. Rc8+ Ka7 29. Qe8 Qg1+ 30. Ka2 Qd4 31. Ra8+ Kb6 32. Qe6+ Rd6 33.
Qb3+ Kc7 34. Rg8 Bf6 35. Rf8 Rd7 36. Re8 Be5 37. Rg8 Bxh2 38. Rg2 Be5 39. Re2
Bf6 40. Re4 Qb6 41. Rb4 Qc6 42. Be4 Qc5 43. Rc4 1-0

[Event "Titled Tue 1st Jul Early"]
[Site "chess.com INT"]
[Date "2025.07.01"]
[Round "6"]
[White "Zeliantsova, Kseniya"]
[Black "Newansa, M Esandi"]
[Result "0-1"]
[WhiteTitle "WFM"]
[BlackTitle "WFM"]
[WhiteElo "2062"]
[BlackElo "1905"]
[WhiteFideId "13512617"]
[BlackFideId "9999060"]
[EventDate "2025.07.01"]

1. e4 c6 2. d4 d5 3. Nd2 dxe4 4. Nxe4 Nf6 5. Nxf6+ exf6 6. c3 Bd6 7. Bd3 O-O 8.
Qc2 Re8+ 9. Ne2 h5 10. Be3 Nd7 11. O-O-O Nf8 12. Kb1 Be6 13. c4 Rc8 14. Nc3 Bb4
15. Ne4 b5 16. c5 Qd5 17. b3 Ra8 18. Nd6 f5 19. Nxf5 Bxf5 20. Bxf5 g6 21. Bd3 a5
22. g4 hxg4 23. h3 a4 24. hxg4 axb3 25. Qxb3 Qxb3+ 26. axb3 Ne6 27. Rh3 Bc3 28.
Be4 Ra1+ 29. Kc2 Rxd1 30. Kxd1 Rc8 31. Kc2 Bxd4 32. b4 Kg7 33. Kd3 Rd8 34. Kc2
Bxe3 35. Rxe3 Rd4 36. Kc3 Rc4+ 37. Kb3 Nd4+ 38. Ka3 f5 39. gxf5 gxf5 40. Bb1 Rc1
41. Kb2 Rd1 42. Re7+ Kf6 43. Rd7 Ke6 44. Rd6+ Ke5 45. Ba2 Rd2+ 46. Kb1 Rxf2 47.
Bf7 f4 48. Be8 Re2 49. Bxc6 Nxc6 50. Rxc6 f3 51. Kc1 f2 0-1

[Event "Titled Tue 1st Jul Early"]
[Site "chess.com INT"]
[Date "2025.07.01"]
[Round "6"]
[White "Jaiveer, Mahendru"]
[Black "Szpar, Milosz"]
[Result "0-1"]
[WhiteTitle "FM"]
[BlackTitle "IM"]
[WhiteElo "2217"]
[BlackElo "2490"]
[WhiteFideId "25611151"]
[BlackFideId "1184989"]
[EventDate "2025.07.01"]

1. d4 Nf6 2. b3 c5 3. e3 cxd4 4. exd4 d5 5. Nf3 Bg4 6. c4 Nc6 7. Bb2 e6 8. Nbd2
Bb4 9. Be2 dxc4 10. bxc4 Bxf3 11. Bxf3 O-O 12. a3 Ba5 13. Bxc6 bxc6 14. O-O Rb8
15. Nb3 Bc7 16. Rb1 Qd6 17. g3 Rfd8 18. Qf3 h5 19. Rfd1 a5 20. Nc5 h4 21. Na6
Rbc8 22. Bc3 Qxa3 23. Nxc7 Rxc7 24. Ra1 Qb3 25. Rdb1 Qxc4 26. Bxa5 Rcd7 27. Bxd8
Rxd8 28. Rc1 Qd5 29. Qf4 h3 30. f3 Qb3 31. Rd1 Nd5 32. Qe4 Qb2 33. f4 Nc3 34.
Qxc6 Nxd1 35. Rxd1 Rxd4 36. Re1 Rd2 37. Qa8+ Kh7 38. Qe4+ g6 39. f5 Rg2+ 40. Kh1
Rxh2+ 41. Kg1 Qf2# 0-1

[Event "Titled Tue 1st Jul Early"]
[Site "chess.com INT"]
[Date "2025.07.01"]
[Round "6"]
[White "Causo, Deniel"]
[Black "Shinkarev, Mikhailo"]
[Result "1/2-1/2"]
[WhiteTitle "FM"]
[BlackTitle "IM"]
[WhiteElo "2224"]
[BlackElo "2109"]
[WhiteFideId "5203660"]
[BlackFideId "4145348"]
[EventDate "2025.07.01"]

1. e4 e5 2. Nf3 d6 3. Bc4 Nd7 4. Nc3 c6 5. d4 Be7 6. O-O Ngf6 7. Qe2 b5 8. Bb3
O-O 9. Rd1 Qc7 10. Bg5 a6 11. a3 h6 12. Bh4 Re8 13. Rd2 c5 14. dxc5 Nxc5 15. Nd5
Nxd5 16. Bxd5 Bb7 17. Rad1 Rad8 18. Qe3 Ne6 19. Bxe7 Rxe7 20. Bxb7 Qxb7 21. Rxd6
Rxd6 22. Rxd6 Nf4 23. g3 Qc7 24. Qd2 Ne2+ 25. Kg2 Nd4 26. Rd5 Nxc2 27. Qd1 g6
28. Rd2 Nd4 29. Nxd4 exd4 30. Rxd4 Kh7 31. f3 Qc5 32. Rd5 Qc4 33. Qd4 Qe2+ 34.
Qf2 Qc4 35. Rc5 Qd3 36. Rd5 Qc4 37. Qd2 Rc7 38. h4 Qb3 39. Rd3 Qa4 40. Rc3 Rxc3
41. Qxc3 Qd1 42. b4 Qe2+ 43. Kh3 h5 44. g4 Qf1+ 45. Kg3 hxg4 46. fxg4 Qe2 47.
Qf3 Qe1+ 48. Kh3 Kg8 49. h5 g5 50. Kg2 Qd2+ 51. Kf1 Qc1+ 52. Kf2 Qd2+ 53. Qe2
Qf4+ 54. Kg2 Qe5 55. Qe3 f6 56. Kf3 Qh2 57. Qa7 Qh3+ 58. Kf2 Qh2+ 59. Ke1 Qg3+
60. Kd2 Qxg4 61. h6 Qg2+ 62. Kd3 Qf1+ 63. Kc3 Qc1+ 64. Kb3 Qb1+ 65. Kc3 Qc1+ 66.
Kd3 Qd1+ 67. Kc3 Qc1+ 1/2-1/2

[Event "Titled Tue 1st Jul Early"]
[Site "chess.com INT"]
[Date "2025.07.01"]
[Round "6"]
[White "Chiappero, Julio Alfredo"]
[Black "Xalmatov, Yakubjon"]
[Result "1-0"]
[WhiteTitle "FM"]
[BlackTitle "CM"]
[WhiteElo "2238"]
[BlackElo "2096"]
[WhiteFideId "139998"]
[BlackFideId "14201615"]
[EventDate "2025.07.01"]

1. d4 Nf6 2. c4 e6 3. Nc3 Bb4 4. f3 Nc6 5. e4 b6 6. Ne2 Ba6 7. a3 Bxc3+ 8. Nxc3
e5 9. d5 Nd4 10. Be3 c5 11. Bd3 d6 12. O-O Nd7 13. f4 O-O 14. f5 f6 15. g4 Rb8
16. a4 Bc8 17. Kh1 a6 18. g5 fxg5 19. Rg1 h6 20. h4 Nf6 21. hxg5 hxg5 22. Bxg5
Kf7 23. Bxf6 Rh8+ 24. Kg2 Qxf6 25. Ne2 Bd7 26. Kf1 Nf3 27. Rg3 Rh1+ 28. Ng1 Nd4
29. Qg4 Rbh8 30. a5 b5 31. cxb5 Bxb5 32. Bxb5 Nxb5 33. Rd1 Nd4 34. Rd2 R8h4 35.
Qg6+ Qxg6 36. fxg6+ Ke7 37. Rf2 Rf4 38. Rxf4 exf4 39. Rg4 Kf6 40. Rxf4+ Kxg6 41.
Rg4+ Kf6 42. Kg2 Rh8 43. Rf4+ Ke5 44. Rg4 Rb8 45. Nh3 Rxb2+ 46. Kg3 Rb3+ 47. Kh4
Nf3+ 48. Kh5 Nh2 49. Rg5+ Kxe4 50. Nf2+ Kf3 51. Nh1 Ke4 52. Rxg7 Kxd5 53. Rg5+ 1-0

[Event "Titled Tue 1st Jul Early"]
[Site "chess.com INT"]
[Date "2025.07.01"]
[Round "6"]
[White "Andrade, Ivan"]
[Black "Kamalsyah, Muhammad"]
[Result "0-1"]
[WhiteTitle "FM"]
[BlackTitle "FM"]
[WhiteElo "2136"]
[BlackElo "2314"]
[WhiteFideId "14800039"]
[BlackFideId "7105932"]
[EventDate "2025.07.01"]

1. e4 c5 2. Nf3 e6 3. d4 cxd4 4. Nxd4 a6 5. Nc3 b5 6. Bd3 Bb7 7. a3 Nc6 8. Nxc6
Bxc6 9. Be3 Qc7 10. f4 Nf6 11. e5 Nd5 12. Nxd5 Bxd5 13. O-O Bc5 14. Qe2 Qb6 15.
Bxc5 Qxc5+ 16. Kh1 Rc8 17. c3 O-O 18. Rae1 f5 19. exf6 Rxf6 20. Be4 Rcf8 21.
Bxd5 Qxd5 22. Qe3 g5 23. Qg3 Rxf4 24. Rxf4 Rxf4 25. h3 h6 26. Kh2 Kg7 27. Re3
Qf5 28. Rd3 d5 29. Re3 e5 30. Re2 e4 31. Qe3 Qe5 32. Kg1 Rf7 33. Rd2 Kg6 34.
Qb6+ Rf6 35. Qd8 Qf4 36. Qg8+ Kh5 37. Qxd5 e3 38. Rd4 Qf2+ 39. Kh2 e2 40. Re4
e1=Q 41. Rxe1 Qxe1 42. g4+ Kh4 0-1

[Event "Titled Tue 1st Jul Early"]
[Site "chess.com INT"]
[Date "2025.07.01"]
[Round "6"]
[White "Arslanov, Shamil"]
[Black "Gasparyan, Erik R."]
[Result "1-0"]
[WhiteTitle "IM"]
[BlackTitle "IM"]
[WhiteElo "2410"]
[BlackElo "2372"]
[WhiteFideId "4192826"]
[BlackFideId "13315730"]
[EventDate "2025.07.01"]

1. d4 e6 2. e4 d5 3. Be3 dxe4 4. f3 b6 5. Nd2 Bb7 6. fxe4 Nf6 7. Bd3 c5 8. c3
cxd4 9. cxd4 Nc6 10. Ngf3 Nb4 11. Bb1 Ba6 12. Ne5 Nd7 13. Qa4 Rc8 14. Ndf3 b5
15. Qb3 Nxe5 16. Nxe5 Qh4+ 17. g3 Qh3 18. Rf1 f6 19. Nd3 Nxd3+ 20. Bxd3 Qxh2 21.
Qxe6+ Be7 22. Qxa6 Kf7 23. Qxb5 Qxg3+ 24. Ke2 Rc7 25. Qd5+ Ke8 26. Rac1 Qg2+ 27.
Bf2 Qg4+ 28. Kd2 Bb4+ 29. Rc3 Qd7 30. Qxd7+ Kxd7 31. a3 Bxc3+ 32. bxc3 Rb8 33.
Kc2 Rcb7 34. Bc4 Rb2+ 35. Kd3 h5 36. Bg3 Rc8 37. e5 Rg2 38. Rf3 Ke7 39. exf6+
gxf6 40. Re3+ Kf8 41. Bd6+ Kg7 42. Re7+ Kh8 43. Bd5 Rg3+ 44. Bxg3 1-0

[Event "Titled Tue 1st Jul Early"]
[Site "chess.com INT"]
[Date "2025.07.01"]
[Round "6"]
[White "Sharapov, Yevhen"]
[Black "Kanyamarala, Trisha"]
[Result "1-0"]
[WhiteTitle "GM"]
[BlackTitle "WIM"]
[WhiteElo "2375"]
[BlackElo "2233"]
[WhiteFideId "14103133"]
[BlackFideId "45004722"]
[EventDate "2025.07.01"]

1. e4 c5 2. Nf3 Nc6 3. d4 cxd4 4. Nxd4 e5 5. Nb5 d6 6. N1c3 a6 7. Na3 b5 8. Nd5
Nf6 9. Bg5 Be7 10. Bxf6 Bxf6 11. c3 O-O 12. Nc2 Rb8 13. a3 Be6 14. g3 Bxd5 15.
Qxd5 Ne7 16. Qd3 d5 17. exd5 Nxd5 18. Rd1 Nb6 19. Qe4 Qc7 20. Bd3 g6 21. O-O Na4
22. Rb1 Nc5 23. Qe3 Rbd8 24. Be2 Bg7 25. Nb4 f5 26. Rfd1 f4 27. gxf4 exf4 28.
Qf3 Ne6 29. Rxd8 Rxd8 30. Rd1 Ng5 31. Rxd8+ Qxd8 32. Qd5+ Qxd5 33. Nxd5 f3 34.
Bd3 Be5 35. Nb4 Nh3+ 36. Kf1 a5 37. Nc6 Bxh2 38. Bxb5 Bg1 39. Nd4 Bxf2 40. Nxf3
Be3 41. b4 axb4 42. cxb4 g5 43. Bd7 Nf4 44. a4 Nd5 45. Be6+ Kg7 46. Bxd5 g4 47.
Nh4 Kf6 48. a5 Bd2 49. a6 Be3 50. Ke2 Bb6 51. Ng2 h5 52. Kd3 Kg5 53. Kc4 h4 54.
Nxh4 Kxh4 55. Kb5 Ba7 56. Kc6 g3 57. b5 Kh3 58. b6 Bxb6 59. Kxb6 1-0

[Event "Titled Tue 1st Jul Early"]
[Site "chess.com INT"]
[Date "2025.07.01"]
[Round "6"]
[White "Iskusnyh, Sergei"]
[Black "Bluebaum, Matthias"]
[Result "0-1"]
[WhiteTitle "GM"]
[BlackTitle "GM"]
[WhiteElo "2440"]
[BlackElo "2660"]
[WhiteFideId "4120027"]
[BlackFideId "24651516"]
[EventDate "2025.07.01"]

1. d4 d5 2. c4 e6 3. g3 Nf6 4. Bg2 Nc6 5. Nf3 Bd6 6. O-O O-O 7. a3 a5 8. Qc2 a4
9. Bg5 Bd7 10. Nbd2 h6 11. Bxf6 Qxf6 12. e3 Na5 13. c5 Be7 14. Ne5 Bb5 15. Rfe1
g5 16. Bf1 Be8 17. e4 dxe4 18. Nxe4 Qg7 19. Rad1 Nb3 20. Nc3 Rd8 21. d5 Bxc5 22.
dxe6 Rxd1 23. Nxd1 fxe6 24. Bc4 Nd4 25. Qe4 b5 26. Bd3 Bb6 27. Kg2 c5 28. Ne3
Bc7 29. Nc2 Bxe5 30. Qxe5 Bc6+ 31. Kf1 Qxe5 32. Rxe5 Nxc2 33. Bxc2 Bd5 34. Ke1
Kg7 35. Re3 Kf6 36. Bd3 Rb8 37. Kd2 b4 38. Bc2 b3 39. Bd3 Rd8 40. Kc3 c4 41.
Bxc4 Rc8 42. Re4 Bxe4 0-1

[Event "Titled Tue 1st Jul Early"]
[Site "chess.com INT"]
[Date "2025.07.01"]
[Round "6"]
[White "Volovich, Vasily"]
[Black "Sarasketa Irastortza, Oier"]
[Result "1-0"]
[WhiteTitle "FM"]
[BlackTitle "CM"]
[WhiteElo "2177"]
[BlackElo "2140"]
[WhiteFideId "34169676"]
[BlackFideId "54728207"]
[EventDate "2025.07.01"]

1. e4 e5 2. Nf3 Nc6 3. d4 exd4 4. Bc4 Bc5 5. O-O d6 6. h3 Nf6 7. c3 dxc3 8. Nxc3
h6 9. Bf4 O-O 10. Qd2 Qe7 11. Rae1 Ne5 12. Be2 Nxf3+ 13. Bxf3 Be6 14. e5 dxe5
15. Bxe5 Rad8 16. Qf4 Bd6 17. Bxb7 Bxe5 18. Qxe5 Rb8 19. Bd5 Nxd5 20. Nxd5 Qd6
21. Qxd6 cxd6 22. Ne7+ Kh7 23. b3 Rb6 24. Rc1 Re8 25. Rc7 a5 26. Nc6 a4 27. bxa4
Bxa2 28. a5 Rb2 29. Rd7 Bc4 30. Rc1 Bb5 31. Rxd6 Ree2 32. Nd4 Rxf2 33. Nxb5
Rxg2+ 34. Kf1 Rgf2+ 35. Ke1 Rfe2+ 36. Kd1 Rh2 37. Re6 Rh1+ 38. Re1 Rxe1+ 39.
Kxe1 Rb4 40. Nc3 Rb2 41. Ra1 Rb8 42. a6 Ra8 43. Kd2 f5 44. a7 Kg6 45. Nb5 Rd8+
46. Kc3 Rc8+ 47. Kb4 1-0

[Event "Titled Tue 1st Jul Early"]
[Site "chess.com INT"]
[Date "2025.07.01"]
[Round "6"]
[White "Palomo, Franklin Annervys"]
[Black "Dudzinski, Pawel"]
[Result "0-1"]
[WhiteTitle "FM"]
[BlackTitle "FM"]
[WhiteElo "2243"]
[BlackElo "2191"]
[WhiteFideId "3906965"]
[BlackFideId "1117890"]
[EventDate "2025.07.01"]

1. Nf3 g6 2. g3 Bg7 3. Bg2 e5 4. O-O Nc6 5. d3 d5 6. Nbd2 Nge7 7. e4 O-O 8. c3
a5 9. a4 h6 10. Qc2 Be6 11. Re1 Qd7 12. b3 Kh7 13. Ba3 Rfe8 14. Rad1 Rad8 15.
Nf1 d4 16. c4 Nb4 17. Qd2 c5 18. Bxb4 cxb4 19. Qc2 Nc6 20. N1d2 Nb8 21. h4 Na6
22. Kh2 Nc5 23. Ng1 f5 24. h5 f4 25. hxg6+ Kxg6 26. Ndf3 Rf8 27. Nh4+ Kh7 28.
Rb1 Bf6 29. Nhf3 fxg3+ 30. fxg3 Rg8 31. Rf1 Rg6 32. Ne2 Rdg8 33. Rf2 Qg7 34.
Rbf1 Rxg3 35. Nxg3 Qxg3+ 36. Kg1 Bh3 37. Kh1 Ne6 38. Bxh3 Qxh3+ 39. Nh2 Nf4 40.
Rf3 Qh4 41. Rg1 Rxg1+ 42. Kxg1 Qe1+ 43. Nf1 Bh4 44. Qh2 Bg5 45. Rxf4 Bxf4 46.
Qh3 Be3+ 47. Kh1 Qf2 48. Qd7+ Kg6 49. Qg4+ Kf6 50. Qg2 Qxg2+ 51. Kxg2 Bf4 52.
Kf3 Kg5 53. Kg2 Kg4 54. Kf2 Kh3 55. Kf3 h5 56. Kf2 Kg4 57. Kg2 h4 58. c5 h3+ 59.
Kf2 h2 60. Kg2 h1=Q+ 61. Kxh1 Kf3 0-1

[Event "Titled Tue 1st Jul Early"]
[Site "chess.com INT"]
[Date "2025.07.01"]
[Round "6"]
[White "Rakhmanov, Aleksandr"]
[Black "Mendonca, Leon Luke"]
[Result "1-0"]
[WhiteTitle "GM"]
[BlackTitle "GM"]
[WhiteElo "2585"]
[BlackElo "2603"]
[WhiteFideId "4173708"]
[BlackFideId "35028561"]
[EventDate "2025.07.01"]

1. c4 b6 2. Nc3 Bb7 3. d4 e6 4. e3 f5 5. a3 Nf6 6. f3 d5 7. cxd5 exd5 8. Bd3 g6
9. Nge2 Bh6 10. O-O O-O 11. b4 c6 12. Bd2 Nbd7 13. Nf4 Qe7 14. Re1 Qd6 15. Qb3
Rae8 16. Rad1 Kh8 17. Bc1 b5 18. a4 a6 19. a5 Re7 20. Bb1 Rfe8 21. Nce2 Bc8 22.
Qc3 Nf8 23. Ng3 Bd7 24. Nf1 Kg8 25. Nd3 g5 26. Ne5 Ng6 27. Nxd7 Qxd7 28. Ng3 Nh4
29. Qc2 g4 30. Nxf5 Nxf5 31. Qxf5 Qxf5 32. Bxf5 gxf3 33. gxf3 Bxe3+ 34. Bxe3
Rxe3 35. Rxe3 Rxe3 36. Kf2 Rc3 37. Bc8 Ne8 38. Bxa6 Nd6 39. Ra1 Rc2+ 40. Kg3 Re2
41. Bb7 Re7 42. a6 Rg7+ 43. Kh3 Rxb7 44. axb7 Nxb7 45. Ra8+ Kg7 46. Ra7 Kf6 47.
Rxb7 1-0